Т. 15, № 1-6; Инженер

Dades bibliogràfiques
Parent link:Инженер: ежемесячный технический журнал. Т. 15, № 1-6.— , 1883-1917
Idioma:rus
Publicat: 1891
Format: Llibre
KOHA link:https://koha.lib.tpu.ru/cgi-bin/koha/opac-detail.pl?biblionumber=380454

MARC

LEADER 00000nam2a2200000 4500
001 380454
005 20231101062655.0
035 |a (RuTPU)RU\TPU\prd\1506 
035 |a RU\TPU\prd\184 
090 |a 380454 
100 |a 20020216a18821917k y0rusy50 ca 
101 0 |a rus 
102 |a un 
200 0 |a Т. 15, № 1-6 
210 |d 1891 
461 1 |0 (RuTPU)RU\TPU\prd\917  |t Инженер  |o ежемесячный технический журнал  |v Т. 15, № 1-6  |d 1883-1917 
801 0 |a UA  |b 63413507  |c 20011210  |g PSBO 
801 2 |a RU  |b 63413507  |c 20170113  |g PSBO 
942 |c BK 
999 |a НТБ_ТПУ  |b РФ  |e -8/20110111  |p П-907  |u 0,00  |v 1